Big Brother Canada Contestants - Statistics

General Stats
  • This quiz has been taken 62 times
  • The average score is 119 of 186
Answer Stats
Season Placement Contestant % Correct
πŸ‡¨πŸ‡¦ Big Brother Canada πŸ‡¨πŸ‡¦-Season 5- 6th/7th William Laprise Desbiens
94%
πŸ‡¨πŸ‡¦ Big Brother Canada πŸ‡¨πŸ‡¦-Season 6- 4th William 'Will' Kenny
94%
πŸ‡¨πŸ‡¦ Big Brother Canada πŸ‡¨πŸ‡¦-Season 11- 11th Dan Szabo
88%
πŸ‡¨πŸ‡¦ Big Brother Canada πŸ‡¨πŸ‡¦-Season 8- N/A John Luke Kieper
88%
πŸ‡¨πŸ‡¦ Big Brother Canada πŸ‡¨πŸ‡¦-Season 11- 15th John Michael Sosa
88%
πŸ‡¨πŸ‡¦ Big Brother Canada πŸ‡¨πŸ‡¦-Season 2- πŸ† WINNER πŸ† Jon Pardy
88%
πŸ‡¨πŸ‡¦ Big Brother Canada πŸ‡¨πŸ‡¦-Season 5- 16th Mark Chrysler
88%
πŸ‡¨πŸ‡¦ Big Brother Canada πŸ‡¨πŸ‡¦-Season 7- 5th Mark Drelich
88%
πŸ‡¨πŸ‡¦ Big Brother Canada πŸ‡¨πŸ‡¦-Season 11- 12th(Quit) Zach Neilson
88%
πŸ‡¨πŸ‡¦ Big Brother Canada πŸ‡¨πŸ‡¦-Season 3- 6th Zach Oleynik
88%
πŸ‡¨πŸ‡¦ Big Brother Canada πŸ‡¨πŸ‡¦-Season 4- 4th Cassandra Shahinfar
81%
πŸ‡¨πŸ‡¦ Big Brother Canada πŸ‡¨πŸ‡¦-Season 5- 14th Cassandra Shahinfar
81%
πŸ‡¨πŸ‡¦ Big Brother Canada πŸ‡¨πŸ‡¦-Season 11- πŸ₯‰ 3rd πŸ₯‰ Daniel Clarke
81%
πŸ‡¨πŸ‡¦ Big Brother Canada πŸ‡¨πŸ‡¦-Season 6- πŸ₯‰ 3rd πŸ₯‰ Derek Kesseler
81%
πŸ‡¨πŸ‡¦ Big Brother Canada πŸ‡¨πŸ‡¦-Season 2- 12th Ika Wong
81%
πŸ‡¨πŸ‡¦ Big Brother Canada πŸ‡¨πŸ‡¦-Season 5- 4th Ika Wong
81%
πŸ‡¨πŸ‡¦ Big Brother Canada πŸ‡¨πŸ‡¦-Season 5- πŸ₯ˆ Runner-Up πŸ₯ˆ Karen Singbeil
81%
πŸ‡¨πŸ‡¦ Big Brother Canada πŸ‡¨πŸ‡¦-Season 10- πŸ† WINNER πŸ† Kevin Jacobs
81%
πŸ‡¨πŸ‡¦ Big Brother Canada πŸ‡¨πŸ‡¦-Season 3- 9th Kevin Martin
81%
πŸ‡¨πŸ‡¦ Big Brother Canada πŸ‡¨πŸ‡¦-Season 5- πŸ† WINNER πŸ† Kevin Martin
81%
πŸ‡¨πŸ‡¦ Big Brother Canada πŸ‡¨πŸ‡¦-Season 9- 11th Kyle Moore
81%
πŸ‡¨πŸ‡¦ Big Brother Canada πŸ‡¨πŸ‡¦-Season 10- 13th Kyle Moore
81%
πŸ‡¨πŸ‡¦ Big Brother Canada πŸ‡¨πŸ‡¦-Season 8- 13th(Expelled) Kyle Rozendal
81%
πŸ‡¨πŸ‡¦ Big Brother Canada πŸ‡¨πŸ‡¦-Season 2- 14th Kyle Shore
81%
πŸ‡¨πŸ‡¦ Big Brother Canada πŸ‡¨πŸ‡¦-Season 1- 6th Peter Brown
81%
πŸ‡¨πŸ‡¦ Big Brother Canada πŸ‡¨πŸ‡¦-Season 3- πŸ† WINNER πŸ† Sarah Hanlon
81%
πŸ‡¨πŸ‡¦ Big Brother Canada πŸ‡¨πŸ‡¦-Season 2- 10th Sarah Miller
81%
πŸ‡¨πŸ‡¦ Big Brother Canada πŸ‡¨πŸ‡¦-Season 11- πŸ† WINNER πŸ† Ty McDonald
81%
πŸ‡¨πŸ‡¦ Big Brother Canada πŸ‡¨πŸ‡¦-Season 2- 11th Andrew Gordon
75%
πŸ‡¨πŸ‡¦ Big Brother Canada πŸ‡¨πŸ‡¦-Season 6- 15th Andrew Miller
75%
πŸ‡¨πŸ‡¦ Big Brother Canada πŸ‡¨πŸ‡¦-Season 1- 5th Andrew Monaghan
75%
πŸ‡¨πŸ‡¦ Big Brother Canada πŸ‡¨πŸ‡¦-Season 7- πŸ₯ˆ Runner-Up πŸ₯ˆ Anthony Douglas
75%
πŸ‡¨πŸ‡¦ Big Brother Canada πŸ‡¨πŸ‡¦-Season 12- πŸ₯ˆ Runner-Up πŸ₯ˆ Anthony Douglas
75%
πŸ‡¨πŸ‡¦ Big Brother Canada πŸ‡¨πŸ‡¦-Season 8- N/A Chris Wyllie
75%
πŸ‡¨πŸ‡¦ Big Brother Canada πŸ‡¨πŸ‡¦-Season 7- πŸ† WINNER πŸ† Dane Rupert
75%
πŸ‡¨πŸ‡¦ Big Brother Canada πŸ‡¨πŸ‡¦-Season 5- 12th Emily Hawkin
75%
πŸ‡¨πŸ‡¦ Big Brother Canada πŸ‡¨πŸ‡¦-Season 1- πŸ₯ˆ Runner-Up πŸ₯ˆ(Orig. 8th) Gary Levy
75%
πŸ‡¨πŸ‡¦ Big Brother Canada πŸ‡¨πŸ‡¦-Season 5- 13th Gary Levy
75%
πŸ‡¨πŸ‡¦ Big Brother Canada πŸ‡¨πŸ‡¦-Season 5- 8th Jackie McCurrach
75%
πŸ‡¨πŸ‡¦ Big Brother Canada πŸ‡¨πŸ‡¦-Season 1- πŸ† WINNER πŸ† Jillian MacLaughlin
75%
πŸ‡¨πŸ‡¦ Big Brother Canada πŸ‡¨πŸ‡¦-Season 3- 13th Johnny Colatruglio
75%
πŸ‡¨πŸ‡¦ Big Brother Canada πŸ‡¨πŸ‡¦-Season 6- 6th/7th Johnny Mulder
75%
πŸ‡¨πŸ‡¦ Big Brother Canada πŸ‡¨πŸ‡¦-Season 9- 13th Josh Farnworth
75%
πŸ‡¨πŸ‡¦ Big Brother Canada πŸ‡¨πŸ‡¦-Season 10- πŸ₯ˆ Runner-Up πŸ₯ˆ Josh Nash
75%
πŸ‡¨πŸ‡¦ Big Brother Canada πŸ‡¨πŸ‡¦-Season 9- 14th Julie Vu
75%
πŸ‡¨πŸ‡¦ Big Brother Canada πŸ‡¨πŸ‡¦-Season 2- 9th Kenny Brain
75%
πŸ‡¨πŸ‡¦ Big Brother Canada πŸ‡¨πŸ‡¦-Season 8- 15th Michael Stubley
75%
πŸ‡¨πŸ‡¦ Big Brother Canada πŸ‡¨πŸ‡¦-Season 2- πŸ₯‰ 3rd πŸ₯‰ Neda Kalantar
75%
πŸ‡¨πŸ‡¦ Big Brother Canada πŸ‡¨πŸ‡¦-Season 5- 11th Neda Kalantar
75%
πŸ‡¨πŸ‡¦ Big Brother Canada πŸ‡¨πŸ‡¦-Season 2- 13th Paul Jackson
75%
πŸ‡¨πŸ‡¦ Big Brother Canada πŸ‡¨πŸ‡¦-Season 3- 11th(Orig. 15th) Sindy Nguyen
75%
πŸ‡¨πŸ‡¦ Big Brother Canada πŸ‡¨πŸ‡¦-Season 5- 10th Sindy Nguyen
75%
πŸ‡¨πŸ‡¦ Big Brother Canada πŸ‡¨πŸ‡¦-Season 10- 6th/7th Summer Sayles
75%
πŸ‡¨πŸ‡¦ Big Brother Canada πŸ‡¨πŸ‡¦-Season 4- πŸ₯‰ 3rd πŸ₯‰ Tim Dormer
75%
πŸ‡¨πŸ‡¦ Big Brother Canada πŸ‡¨πŸ‡¦-Season 9- 9th Victoria Woghiren
75%
πŸ‡¨πŸ‡¦ Big Brother Canada πŸ‡¨πŸ‡¦-Season 12- 5th Victoria Woghiren
75%
πŸ‡¨πŸ‡¦ Big Brother Canada πŸ‡¨πŸ‡¦-Season 7- 4th Adam Pike
69%
πŸ‡¨πŸ‡¦ Big Brother Canada πŸ‡¨πŸ‡¦-Season 3- πŸ₯‰ 3rd πŸ₯‰ Ashleigh Wood
69%
πŸ‡¨πŸ‡¦ Big Brother Canada πŸ‡¨πŸ‡¦-Season 12- πŸ† WINNER πŸ† Bayleigh Pelham
69%
πŸ‡¨πŸ‡¦ Big Brother Canada πŸ‡¨πŸ‡¦-Season 10- πŸ₯‰ 3rd πŸ₯‰ Betty Yirsaw
69%
πŸ‡¨πŸ‡¦ Big Brother Canada πŸ‡¨πŸ‡¦-Season 3- 7th Bruno Ielo
69%
πŸ‡¨πŸ‡¦ Big Brother Canada πŸ‡¨πŸ‡¦-Season 5- 9th Bruno Ielo
69%
πŸ‡¨πŸ‡¦ Big Brother Canada πŸ‡¨πŸ‡¦-Season 11- πŸ₯ˆ Runner-Up πŸ₯ˆ Claudia Campbell
69%
πŸ‡¨πŸ‡¦ Big Brother Canada πŸ‡¨πŸ‡¦-Season 4- 12th Dallas Cormier
69%
πŸ‡¨πŸ‡¦ Big Brother Canada πŸ‡¨πŸ‡¦-Season 5- 15th Dallas Cormier
69%
πŸ‡¨πŸ‡¦ Big Brother Canada πŸ‡¨πŸ‡¦-Season 12- 9th Elijah Kazlauskas
69%
πŸ‡¨πŸ‡¦ Big Brother Canada πŸ‡¨πŸ‡¦-Season 3- πŸ₯ˆ Runner-Up πŸ₯ˆ Godfrey Mangwiza
69%
πŸ‡¨πŸ‡¦ Big Brother Canada πŸ‡¨πŸ‡¦-Season 7- πŸ₯‰ 3rd πŸ₯‰ Kyra Shenker
69%
πŸ‡¨πŸ‡¦ Big Brother Canada πŸ‡¨πŸ‡¦-Season 12- πŸ₯‰ 3rd πŸ₯‰ Lexus Jackson
69%
πŸ‡¨πŸ‡¦ Big Brother Canada πŸ‡¨πŸ‡¦-Season 10- 6th/7thπŸ’ Canada's Favourite πŸ’ Marty Frenette
69%
πŸ‡¨πŸ‡¦ Big Brother Canada πŸ‡¨πŸ‡¦-Season 12- 10th Matthew Wong
69%
πŸ‡¨πŸ‡¦ Big Brother Canada πŸ‡¨πŸ‡¦-Season 4- πŸ† WINNER πŸ† Nick Paquette
69%
πŸ‡¨πŸ‡¦ Big Brother Canada πŸ‡¨πŸ‡¦-Season 6- 6th/7th Olivia Riemer
69%
πŸ‡¨πŸ‡¦ Big Brother Canada πŸ‡¨πŸ‡¦-Season 6- πŸ† WINNER πŸ† Paras Atashnak
69%
πŸ‡¨πŸ‡¦ Big Brother Canada πŸ‡¨πŸ‡¦-Season 4- πŸ† WINNER πŸ† Phil Paquette
69%
πŸ‡¨πŸ‡¦ Big Brother Canada πŸ‡¨πŸ‡¦-Season 3- 5th Pilar Nemer
69%
πŸ‡¨πŸ‡¦ Big Brother Canada πŸ‡¨πŸ‡¦-Season 6- 9th Ryan Ballantine
69%
πŸ‡¨πŸ‡¦ Big Brother Canada πŸ‡¨πŸ‡¦-Season 2- πŸ₯ˆ Runner-Up πŸ₯ˆ Sabrina Abbate
69%
πŸ‡¨πŸ‡¦ Big Brother Canada πŸ‡¨πŸ‡¦-Season 1- 4th Talla Rejaei
69%
πŸ‡¨πŸ‡¦ Big Brother Canada πŸ‡¨πŸ‡¦-Season 3- 8th Willow MacDonald
69%
πŸ‡¨πŸ‡¦ Big Brother Canada πŸ‡¨πŸ‡¦-Season 2- 5th Adel Elseri
63%
πŸ‡¨πŸ‡¦ Big Brother Canada πŸ‡¨πŸ‡¦-Season 1- 13th Aneal Ramkissoon
63%
πŸ‡¨πŸ‡¦ Big Brother Canada πŸ‡¨πŸ‡¦-Season 9- 10th Austin Dookwah
63%
πŸ‡¨πŸ‡¦ Big Brother Canada πŸ‡¨πŸ‡¦-Season 12- 7th Avery Martin
63%
πŸ‡¨πŸ‡¦ Big Brother Canada πŸ‡¨πŸ‡¦-Season 9- 5th Beth Bieda
63%
πŸ‡¨πŸ‡¦ Big Brother Canada πŸ‡¨πŸ‡¦-Season 3- 10th Bobby Hlad
63%
πŸ‡¨πŸ‡¦ Big Brother Canada πŸ‡¨πŸ‡¦-Season 4- 14th Christine Kelsey
63%
πŸ‡¨πŸ‡¦ Big Brother Canada πŸ‡¨πŸ‡¦-Season 1- 14th Danielle Alexander
63%
πŸ‡¨πŸ‡¦ Big Brother Canada πŸ‡¨πŸ‡¦-Season 5- πŸ₯‰ 3rd πŸ₯‰ Demetres Giannitsos
63%
πŸ‡¨πŸ‡¦ Big Brother Canada πŸ‡¨πŸ‡¦-Season 5- 5th Dillon Carman
63%
πŸ‡¨πŸ‡¦ Big Brother Canada πŸ‡¨πŸ‡¦-Season 12- 12th Dinis Freitas
63%
πŸ‡¨πŸ‡¦ Big Brother Canada πŸ‡¨πŸ‡¦-Season 12- 13th Donna Marshall
63%
πŸ‡¨πŸ‡¦ Big Brother Canada πŸ‡¨πŸ‡¦-Season 5- 6th/7th Dre Gwenaelle
63%
πŸ‡¨πŸ‡¦ Big Brother Canada πŸ‡¨πŸ‡¦-Season 1- πŸ₯‰ 3rd πŸ₯‰ Emmett Blois
63%
πŸ‡¨πŸ‡¦ Big Brother Canada πŸ‡¨πŸ‡¦-Season 6- 10th Erica Hill
63%
πŸ‡¨πŸ‡¦ Big Brother Canada πŸ‡¨πŸ‡¦-Season 10- 8th Gino Giannopoulos
63%
πŸ‡¨πŸ‡¦ Big Brother Canada πŸ‡¨πŸ‡¦-Season 10- 4th Haleena Gill
63%
πŸ‡¨πŸ‡¦ Big Brother Canada πŸ‡¨πŸ‡¦-Season 2- 4th Heather Decksheimer
63%
πŸ‡¨πŸ‡¦ Big Brother Canada πŸ‡¨πŸ‡¦-Season 12- 14th Janine Holmes
63%
πŸ‡¨πŸ‡¦ Big Brother Canada πŸ‡¨πŸ‡¦-Season 3- 12th Jordan Parhar
63%
πŸ‡¨πŸ‡¦ Big Brother Canada πŸ‡¨πŸ‡¦-Season 6- πŸ₯ˆ Runner-Up πŸ₯ˆ Kaela Grant
63%
πŸ‡¨πŸ‡¦ Big Brother Canada πŸ‡¨πŸ‡¦-Season 1- 15th Kat Yee
63%
πŸ‡¨πŸ‡¦ Big Brother Canada πŸ‡¨πŸ‡¦-Season 4- πŸ₯ˆ Runner-Up πŸ₯ˆ Kelsey Faith
63%
πŸ‡¨πŸ‡¦ Big Brother Canada πŸ‡¨πŸ‡¦-Season 9- 4thπŸ’ Canada's Favourite πŸ’ Kiefer Collison
63%
πŸ‡¨πŸ‡¦ Big Brother Canada πŸ‡¨πŸ‡¦-Season 7- 15th Laura Roberts
63%
πŸ‡¨πŸ‡¦ Big Brother Canada πŸ‡¨πŸ‡¦-Season 8- 16th(Quit) Nico Vera
63%
πŸ‡¨πŸ‡¦ Big Brother Canada πŸ‡¨πŸ‡¦-Season 2- 6th Rachelle Diamond
63%
πŸ‡¨πŸ‡¦ Big Brother Canada πŸ‡¨πŸ‡¦-Season 10- 14th Stephanie Paterson
63%
πŸ‡¨πŸ‡¦ Big Brother Canada πŸ‡¨πŸ‡¦-Season 9- πŸ₯‰ 3rd πŸ₯‰ Tera Gillen-Petrozzi
63%
πŸ‡¨πŸ‡¦ Big Brother Canada πŸ‡¨πŸ‡¦-Season 9- 7th Tina Thistle
63%
πŸ‡¨πŸ‡¦ Big Brother Canada πŸ‡¨πŸ‡¦-Season 12- 4thπŸ’ Canada's Favourite πŸ’ Todd Clements
63%
πŸ‡¨πŸ‡¦ Big Brother Canada πŸ‡¨πŸ‡¦-Season 1- 12th Tom Plant
63%
πŸ‡¨πŸ‡¦ Big Brother Canada πŸ‡¨πŸ‡¦-Season 9- πŸ† WINNER πŸ† Tychon Carter-Newman
63%
πŸ‡¨πŸ‡¦ Big Brother Canada πŸ‡¨πŸ‡¦-Season 8- N/A Vanessa Clements
63%
πŸ‡¨πŸ‡¦ Big Brother Canada πŸ‡¨πŸ‡¦-Season 11- 13th(Quit) Vanessa MacTavish
63%
πŸ‡¨πŸ‡¦ Big Brother Canada πŸ‡¨πŸ‡¦-Season 6- 8th Alejandra 'Ali' Martinez
56%
πŸ‡¨πŸ‡¦ Big Brother Canada πŸ‡¨πŸ‡¦-Season 11- 16th(Quit) Amal Bashir
56%
πŸ‡¨πŸ‡¦ Big Brother Canada πŸ‡¨πŸ‡¦-Season 2- 15th Anick Gervais
56%
πŸ‡¨πŸ‡¦ Big Brother Canada πŸ‡¨πŸ‡¦-Season 9- πŸ₯ˆ Runner-Up πŸ₯ˆ Breydon White
56%
πŸ‡¨πŸ‡¦ Big Brother Canada πŸ‡¨πŸ‡¦-Season 3- 4th Brittnee Blair
56%
πŸ‡¨πŸ‡¦ Big Brother Canada πŸ‡¨πŸ‡¦-Season 8- N/A Brooke Warnock
56%
πŸ‡¨πŸ‡¦ Big Brother Canada πŸ‡¨πŸ‡¦-Season 7- 12th Chelsea Bird
56%
πŸ‡¨πŸ‡¦ Big Brother Canada πŸ‡¨πŸ‡¦-Season 7- 6th Damien Ketlo
56%
πŸ‡¨πŸ‡¦ Big Brother Canada πŸ‡¨πŸ‡¦-Season 7- 11th Eddie Lin
56%
πŸ‡¨πŸ‡¦ Big Brother Canada πŸ‡¨πŸ‡¦-Season 7- 7th Estefania Hoyos
56%
πŸ‡¨πŸ‡¦ Big Brother Canada πŸ‡¨πŸ‡¦-Season 4- 7th Jared Kesler
56%
πŸ‡¨πŸ‡¦ Big Brother Canada πŸ‡¨πŸ‡¦-Season 6- 14th Jesse Larson
56%
πŸ‡¨πŸ‡¦ Big Brother Canada πŸ‡¨πŸ‡¦-Season 10- 11th Jess Gowling
56%
πŸ‡¨πŸ‡¦ Big Brother Canada πŸ‡¨πŸ‡¦-Season 4- 5th Joel Lefevre
56%
πŸ‡¨πŸ‡¦ Big Brother Canada πŸ‡¨πŸ‡¦-Season 11- 10thπŸ’ Canada's Favourite πŸ’ Jonathan Leonard
56%
πŸ‡¨πŸ‡¦ Big Brother Canada πŸ‡¨πŸ‡¦-Season 12- 8th Kayla Clennon
56%
πŸ‡¨πŸ‡¦ Big Brother Canada πŸ‡¨πŸ‡¦-Season 11- 7th Kuzie Mujakachi
56%
πŸ‡¨πŸ‡¦ Big Brother Canada πŸ‡¨πŸ‡¦-Season 9- 12th Latoya Anderson
56%
πŸ‡¨πŸ‡¦ Big Brother Canada πŸ‡¨πŸ‡¦-Season 1- 11th Liza Stinton
56%
πŸ‡¨πŸ‡¦ Big Brother Canada πŸ‡¨πŸ‡¦-Season 4- 11th Mitchell 'Mitch' Moffit
56%
πŸ‡¨πŸ‡¦ Big Brother Canada πŸ‡¨πŸ‡¦-Season 3- 15th Naeha Sareen
56%
πŸ‡¨πŸ‡¦ Big Brother Canada πŸ‡¨πŸ‡¦-Season 4- 6th Nikki Grahame
56%
πŸ‡¨πŸ‡¦ Big Brother Canada πŸ‡¨πŸ‡¦-Season 4- 9th(Quit) Ramsey Aburaneh
56%
πŸ‡¨πŸ‡¦ Big Brother Canada πŸ‡¨πŸ‡¦-Season 4- 10th Raul Manriquez
56%
πŸ‡¨πŸ‡¦ Big Brother Canada πŸ‡¨πŸ‡¦-Season 3- 16th Risha Denner
56%
πŸ‡¨πŸ‡¦ Big Brother Canada πŸ‡¨πŸ‡¦-Season 11- 14th Roberto Lopez
56%
πŸ‡¨πŸ‡¦ Big Brother Canada πŸ‡¨πŸ‡¦-Season 9- 8th Rohan Kapoor
56%
πŸ‡¨πŸ‡¦ Big Brother Canada πŸ‡¨πŸ‡¦-Season 6- 16th Rozina Yaqub
56%
πŸ‡¨πŸ‡¦ Big Brother Canada πŸ‡¨πŸ‡¦-Season 11- 6th Shanaya Carter
56%
πŸ‡¨πŸ‡¦ Big Brother Canada πŸ‡¨πŸ‡¦-Season 8- N/A Sheldon Jean
56%
πŸ‡¨πŸ‡¦ Big Brother Canada πŸ‡¨πŸ‡¦-Season 12- 6th Tola Eam
56%
πŸ‡¨πŸ‡¦ Big Brother Canada πŸ‡¨πŸ‡¦-Season 1- 7th Topaz Brady
56%
πŸ‡¨πŸ‡¦ Big Brother Canada πŸ‡¨πŸ‡¦-Season 12- 11th Vivek Sabbarwal
56%
πŸ‡¨πŸ‡¦ Big Brother Canada πŸ‡¨πŸ‡¦-Season 1- 9th AJ Burman
50%
πŸ‡¨πŸ‡¦ Big Brother Canada πŸ‡¨πŸ‡¦-Season 1- 8th Alec Beall
50%
πŸ‡¨πŸ‡¦ Big Brother Canada πŸ‡¨πŸ‡¦-Season 2- 7th Allison White
50%
πŸ‡¨πŸ‡¦ Big Brother Canada πŸ‡¨πŸ‡¦-Season 11- 4th Anika Mysha
50%
πŸ‡¨πŸ‡¦ Big Brother Canada πŸ‡¨πŸ‡¦-Season 8- N/A Carol Rosher
50%
πŸ‡¨πŸ‡¦ Big Brother Canada πŸ‡¨πŸ‡¦-Season 7- 8th Cory Kennedy
50%
πŸ‡¨πŸ‡¦ Big Brother Canada πŸ‡¨πŸ‡¦-Season 3- 14th Graig Merritt
50%
πŸ‡¨πŸ‡¦ Big Brother Canada πŸ‡¨πŸ‡¦-Season 11- 8th Hope Agbolosoo
50%
πŸ‡¨πŸ‡¦ Big Brother Canada πŸ‡¨πŸ‡¦-Season 10- 5th Jacey-Lynne Graham
50%
πŸ‡¨πŸ‡¦ Big Brother Canada πŸ‡¨πŸ‡¦-Season 10- 15th Jay Northcott
50%
πŸ‡¨πŸ‡¦ Big Brother Canada πŸ‡¨πŸ‡¦-Season 9- 6th Jedson Tavernier
50%
πŸ‡¨πŸ‡¦ Big Brother Canada πŸ‡¨πŸ‡¦-Season 7- 13th Kailyn Archer
50%
πŸ‡¨πŸ‡¦ Big Brother Canada πŸ‡¨πŸ‡¦-Season 7- 10th Kiera Wallace
50%
πŸ‡¨πŸ‡¦ Big Brother Canada πŸ‡¨πŸ‡¦-Season 4- 8th Maddy Pavle
50%
πŸ‡¨πŸ‡¦ Big Brother Canada πŸ‡¨πŸ‡¦-Season 6- 5th Maddy Poplett
50%
πŸ‡¨πŸ‡¦ Big Brother Canada πŸ‡¨πŸ‡¦-Season 10- 16th Melina Mansing
50%
πŸ‡¨πŸ‡¦ Big Brother Canada πŸ‡¨πŸ‡¦-Season 6- 11th Merron Haile
50%
πŸ‡¨πŸ‡¦ Big Brother Canada πŸ‡¨πŸ‡¦-Season 4- 16th Paige Distranski
50%
πŸ‡¨πŸ‡¦ Big Brother Canada πŸ‡¨πŸ‡¦-Season 11- 5th Renee Mior
50%
πŸ‡¨πŸ‡¦ Big Brother Canada πŸ‡¨πŸ‡¦-Season 11- 9th Santina Carlson
50%
πŸ‡¨πŸ‡¦ Big Brother Canada πŸ‡¨πŸ‡¦-Season 4- 15th Sharry Ash
50%
πŸ‡¨πŸ‡¦ Big Brother Canada πŸ‡¨πŸ‡¦-Season 1- 10th Suzette Amaya
50%
πŸ‡¨πŸ‡¦ Big Brother Canada πŸ‡¨πŸ‡¦-Season 8- N/A Angie Tackie
44%
πŸ‡¨πŸ‡¦ Big Brother Canada πŸ‡¨πŸ‡¦-Season 2- 8th Arlie Shaban
44%
πŸ‡¨πŸ‡¦ Big Brother Canada πŸ‡¨πŸ‡¦-Season 6- 12th Hamza Hatoum
44%
πŸ‡¨πŸ‡¦ Big Brother Canada πŸ‡¨πŸ‡¦-Season 10- 10th Hermon Nizghi
44%
πŸ‡¨πŸ‡¦ Big Brother Canada πŸ‡¨πŸ‡¦-Season 8- 14th(Expelled) Jamar Lee
44%
πŸ‡¨πŸ‡¦ Big Brother Canada πŸ‡¨πŸ‡¦-Season 4- 13th Loveita Adams
44%
πŸ‡¨πŸ‡¦ Big Brother Canada πŸ‡¨πŸ‡¦-Season 8- N/A Madeline Di Nunzio
44%
πŸ‡¨πŸ‡¦ Big Brother Canada πŸ‡¨πŸ‡¦-Season 7- 14th Maki Moto
44%
πŸ‡¨πŸ‡¦ Big Brother Canada πŸ‡¨πŸ‡¦-Season 8- N/A Minh-Ly Nguyen-Cao
44%
πŸ‡¨πŸ‡¦ Big Brother Canada πŸ‡¨πŸ‡¦-Season 10- 9th Moose Bendago
44%
πŸ‡¨πŸ‡¦ Big Brother Canada πŸ‡¨πŸ‡¦-Season 8- N/A Rianne Swanson
44%
πŸ‡¨πŸ‡¦ Big Brother Canada πŸ‡¨πŸ‡¦-Season 7- 9th Samantha Picco
44%
πŸ‡¨πŸ‡¦ Big Brother Canada πŸ‡¨πŸ‡¦-Season 10- 12th Tynesha White
44%
πŸ‡¨πŸ‡¦ Big Brother Canada πŸ‡¨πŸ‡¦-Season 6- 13th Veronica Doherty
44%
πŸ‡¨πŸ‡¦ Big Brother Canada πŸ‡¨πŸ‡¦-Season 8- N/A Hira Deol
38%
πŸ‡¨πŸ‡¦ Big Brother Canada πŸ‡¨πŸ‡¦-Season 8- N/A Susanne Fuda
38%
No matching quizzes found
Score Distribution
Percent of People with Each Score
Percentile by Number Answered
Your Score History
You have not taken this quiz